000 00501nam a2200169 i 4500
001 51742
003 ES-MaACL
005 20240510063040.0
007 t|
008 030818s1904 it ||||1| ita d
100 1 _aD'Annunzio, Gabriele,
_d1863-1938
_942351
245 1 3 _aLa figlia di Jorio
_b: tragedia pastorale /
_cdi Gabriele D'Annunzio.
260 _aMilano :
_bFratelli Treves,
_c1904.
300 _a166 p. :
_bil. ;
_c18 cm.
852 _aES-MaACL
_jF-9790
999 _c51742
_d51742